These wonderful people of Xinjiang / (Record no. 14910)

000 -LEADER
fixed length control field 00806cam a2200265 a 4500
001 - CONTROL NUMBER
control field 16941974
005 - DATE AND TIME OF LATEST TRANSACTION
control field 20170105102907.0
008 - FIXED-LENGTH DATA ELEMENTS--GENERAL INFORMATION
fixed length control field 110831s2008 cc a 000 0 eng
010 ## - LIBRARY OF CONGRESS CONTROL NUMBER
LC control number 2011467433
020 ## - INTERNATIONAL STANDARD BOOK NUMBER
International Standard Book Number 9787119051802
040 ## - CATALOGING SOURCE
Original cataloging agency DLC
Transcribing agency DLC
Modifying agency DLC
042 ## - AUTHENTICATION CODE
Authentication code pcc
043 ## - GEOGRAPHIC AREA CODE
Geographic area code a-cc-su
050 00 - LIBRARY OF CONGRESS CALL NUMBER
Classification number DS793.S62
Item number C39 2008
082 ## - DEWEY DECIMAL CLASSIFICATION NUMBER
Classification number 951.050922
100 1# - MAIN ENTRY--PERSONAL NAME
Personal name Carducci, Lisa,
Dates associated with a name 1943-
245 10 - TITLE STATEMENT
Title These wonderful people of Xinjiang /
Statement of responsibility, etc. Lisa Carducci.
250 ## - EDITION STATEMENT
Edition statement 1st ed.
260 ## - PUBLICATION, DISTRIBUTION, ETC.
Place of publication, distribution, etc. Beijing :
Name of publisher, distributor, etc. Foreign Language Press,
Date of publication, distribution, etc. 2008.
300 ## - PHYSICAL DESCRIPTION
Extent 271 p. :
Other physical details ill. (some col.) ;
Dimensions 23 cm.
651 #0 - SUBJECT ADDED ENTRY--GEOGRAPHIC NAME
Geographic name Xinjiang Uygur Zizhiqu (China)
General subdivision Social life and customs.
906 ## - LOCAL DATA ELEMENT F, LDF (RLIN)
a 7
b cbc
c orignew
d 3
e ncip
f 20
g y-gencatlg
942 ## - ADDED ENTRY ELEMENTS (KOHA)
Source of classification or shelving scheme
Koha item type Book
Holdings
Withdrawn status Lost status Damaged status Not for loan Collection code Permanent Location Current Location Shelving location Date acquired Total Checkouts Full call number Barcode Date last seen Price effective from Koha item type
          Centre for International Peace & Stability (CIPS) Centre for International Peace & Stability (CIPS) General Stacks 10/01/2013   951.050922 CAR 2008 CIPS0001639 10/24/2013 10/24/2013 Book
© 2023 Central Library, National University of Sciences and Technology. All Rights Reserved.